| 000 | 00541nam a22001697a 4500 | ||
|---|---|---|---|
| 999 |
_c531485 _d531485 |
||
| 003 | NUST | ||
| 005 | 20191017153808.0 | ||
| 008 | 191017b ||||| |||| 00| 0 eng d | ||
| 038 | _aNusrat Nadeem | ||
| 082 | _a620.001 | ||
| 100 |
_a MULKANA SUNDAS RAFAT _924262 |
||
| 245 |
_aMS/Thesis:Tradespace Exploration for Decision Making in Conceptual Design of Complex Systems _cSUNDAS RAFAT MULKANA |
||
| 260 |
_aIslamabad _bRCMS NUST _c2018 |
||
| 600 |
_xSystems Engineering _910634 |
||
| 700 | _4Dr. Sana Ajmal( Supervisor) | ||
| 942 |
_2ddc _cTHE |
||